| 000 | 01157nam a22002417a 4500 | ||
|---|---|---|---|
| 005 | 20100727140848.0 | ||
| 010 | _aHIN-89846 | ||
| 020 |
_a9788128824449 _c250.00 |
||
| 035 | _aHN-62192 | ||
| 037 | _bDBAD / PUB | ||
| 082 | _a821 | ||
| 100 |
_aकुमार विश्वास _923958 |
||
| 245 |
_aकोई दीवाना कहता है: _bकाव्य संग्रह / _cकुमार विश्वास |
||
| 246 |
_aKoi diwana kahta hai _bby Kumar Vishwas |
||
| 250 | _a2रा संस्क. | ||
| 260 |
_aनई दिल्ली _bफ्यूजन बुक्स _c2010 |
||
| 270 |
_aX-30, ओखला इंडस्ट्रियल एरिया फेस-II _bनई दिल्ली _e110020 _k011-40712100 _l011-41611866 _msales@dbp.in |
||
| 300 |
_a108पृ. _bसचित्र _c20सेमी (सजिल्द) |
||
| 650 |
_bहिन्दी कविता _9697 |
||
| 650 |
_bHindi Poetry _9698 |
||
| 942 |
_2ddc _cHN _h821 _mकुमार |
||
| 999 |
_c37925 _d37925 |
||